[Event "Plzen, JF C"]
[Site "?"]
[Date "1999.??.??"]
[Round "4.4"]
[White "Gross, S."]
[Black "Cervinka, M."]
[Result "1-0"]
[WhiteElo "2371"]
[BlackElo "2044"]
[PlyCount "99"]
[EventDate "1999.??.??"]
[Source "ChessBase"]
[SourceDate "1996.11.15"]

1. c4 c6 2. e4 d5 3. exd5 cxd5 4. d4 Nf6 5. Nc3 e6 6. Nf3 Bb4 7. Bd3 dxc4 8.
Bxc4 Nc6 9. O-O O-O 10. Bg5 Be7 11. a3 a6 12. Qd3 b5 13. Bb3 Bb7 14. Rad1 Qc7
15. Bxf6 Bxf6 16. d5 exd5 17. Nxd5 Qd8 18. Rfe1 Kh8 19. Qf5 Bc8 20. Qc2 Bb7 21.
Qf5 Bc8 22. Qf4 Ra7 23. Nxf6 Qxf6 24. Qxf6 gxf6 25. Rd6 Na5 26. Bd5 Kg7 27. Nd4
Rc7 28. h4 Nc4 29. Bxc4 Rxc4 30. Re3 Rc1+ 31. Kh2 Rb1 32. b4 Rb2 33. Rg3+ Kh8
34. Rxf6 Rd2 35. Nb3 Rd5 36. Rc3 Kg7 37. Rfc6 Rdd8 38. h5 Kh8 39. Nc5 Bg4 40.
h6 Rg8 41. Nxa6 Rd5 42. R3c5 Rd4 43. Rf6 Be6 44. Nc7 Rh4+ 45. Kg1 Bh3 46. g3
Rd4 47. Nxb5 Rd1+ 48. Kh2 Be6 49. Nc3 Ra1 50. Ne4 1-0

[Event "Plzen, JF C"]
[Site "?"]
[Date "1999.??.??"]
[Round "4.5"]
[White "Michalek, J."]
[Black "Hrbolka, L sr"]
[Result "0-1"]
[WhiteElo "2330"]
[BlackElo "2140"]
[PlyCount "51"]
[EventDate "1999.??.??"]
[Source "ChessBase"]
[SourceDate "1996.11.15"]

1. e4 c5 2. Nf3 e6 3. b3 Nc6 4. Bb2 a6 5. c4 d6 6. Be2 e5 7. Nc3 g6 8. O-O Bg7
9. Ne1 Nge7 10. Nc2 O-O 11. a3 Nd4 12. b4 b6 13. d3 Ne6 14. Ne3 Nf4 15. Bf3 Nc6
16. Ncd5 Nd4 17. Bxd4 exd4 18. Nc2 Nxd5 19. cxd5 f5 20. Rb1 Be5 21. g3 f4 22.
Ne1 Ra7 23. Bg4 Raf7 24. Kg2 f3+ 25. Bxf3 Rxf3 26. Nxf3 0-1

[Event "Plzen, JF C"]
[Site "?"]
[Date "1999.??.??"]
[Round "4.6"]
[White "Dolezal, R jr"]
[Black "Sladek, J."]
[Result "1-0"]
[WhiteElo "2285"]
[BlackElo "2134"]
[PlyCount "64"]
[EventDate "1999.??.??"]
[Source "ChessBase"]
[SourceDate "1996.11.15"]

1. e4 e5 2. Nf3 d6 3. d4 Nd7 4. Bc4 c6 5. O-O Be7 6. a4 b6 7. Nc3 Ngf6 8. Qe2
O-O 9. Rd1 Qc7 10. h3 Bb7 11. dxe5 Nxe5 12. Nxe5 dxe5 13. Rd3 Rad8 14. Rg3 Kh8
15. Be3 Rd7 16. Rf1 Bd6 17. Bg5 Ne8 18. Qh5 g6 19. Qf3 Rg8 20. Rd1 Kg7 21. h4
h5 22. Bc1 Kh7 23. Rd3 Bc8 24. Nd1 Re7 25. Qe3 Rg7 26. Qh6+ Kg8 {#} 27. Rxg6
Be6 28. Bxe6 Rxg6 29. Qxg6+ Ng7 30. Bxf7+ Rxf7 31. Rxd6 Qe7 32. Bg5 Qe8 1-0

[Event "Plzen, JF C"]
[Site "?"]
[Date "1999.??.??"]
[Round "4.7"]
[White "Novotny, J."]
[Black "Civin, T."]
[Result "1/2-1/2"]
[WhiteElo "2178"]
[BlackElo "2278"]
[PlyCount "46"]
[EventDate "1999.??.??"]
[Source "ChessBase"]
[SourceDate "1996.11.15"]

1. e3 b6 2. f4 Bb7 3. Nf3 g6 4. Be2 Bg7 5. O-O f5 6. c4 Nf6 7. d3 O-O 8. Nc3 c5
9. Bd2 e6 10. Qe1 d5 11. Ng5 Qe7 12. Bf3 h6 13. Nh3 dxc4 14. dxc4 Bxf3 15. gxf3
Nc6 16. Rd1 Rfd8 17. Qe2 Kh7 18. Bc1 Rxd1 19. Rxd1 Rd8 20. Nf2 Ne8 21. Rxd8
Qxd8 22. Nfd1 Nc7 23. Qd2 Kg8 1/2-1/2

[Event "Plzen, JF C"]
[Site "?"]
[Date "1999.??.??"]
[Round "4.8"]
[White "Spal, M."]
[Black "Hlavnicka, J."]
[Result "1-0"]
[WhiteElo "2175"]
[BlackElo "2239"]
[PlyCount "65"]
[EventDate "1999.??.??"]
[Source "ChessBase"]
[SourceDate "1996.11.15"]

1. e4 c5 2. Nc3 e6 3. f4 d6 4. Nf3 Ne7 5. g3 Nbc6 6. Bg2 g6 7. d4 cxd4 8. Nxd4
a6 9. Be3 Bg7 10. O-O Bd7 11. Nb3 Qc7 12. a4 b6 13. Qd2 Rd8 14. Rad1 Nc8 15. f5
Ne5 16. Bg5 f6 17. fxe6 Bxe6 18. Bxf6 Bxf6 19. Rxf6 Bxb3 20. cxb3 Qc5+ 21. Kh1
Ng4 22. Rf4 Ne5 23. Nd5 g5 24. Rf5 h6 25. Rc1 Qa5 26. b4 Qxa4 27. Rc7 Rf8 28.
Rxf8+ Kxf8 29. Qf2+ Kg8 30. Nf6+ Kf8 31. Ng4+ Ke8 32. Nxe5 Qd1+ 33. Bf1 1-0

[Event "Plzen, JF C"]
[Site "?"]
[Date "1999.??.??"]
[Round "4.9"]
[White "Matejka, P."]
[Black "Cernousek, L."]
[Result "1/2-1/2"]
[WhiteElo "2083"]
[BlackElo "2203"]
[PlyCount "89"]
[EventDate "1999.??.??"]
[Source "ChessBase"]
[SourceDate "1996.11.15"]

1. d4 Nf6 2. c4 g6 3. Nc3 Bg7 4. e4 O-O 5. Nf3 d6 6. Be2 e5 7. dxe5 dxe5 8.
Qxd8 Rxd8 9. Bg5 Re8 10. O-O-O h6 11. Be3 Ng4 12. Nd5 Na6 13. c5 Nxe3 14. fxe3
c6 15. Bxa6 cxd5 16. Bb5 Rd8 17. c6 d4 18. Ba4 bxc6 19. Bxc6 Rb8 20. exd4 exd4
21. Bd5 Bb7 22. Nxd4 Bxd5 23. exd5 Rxd5 24. Nb3 Rbd8 25. Rxd5 Rxd5 26. Re1 Re5
27. Rxe5 Bxe5 28. h3 f5 29. Nc5 g5 30. b4 Kf7 31. Kd2 Kg6 32. a4 Kh5 33. Ke2
Kh4 34. a5 Kg3 35. Kf1 Bc3 36. Nd3 a6 37. b5 axb5 38. a6 Bd4 39. Nb4 f4 40. Nc6
Bc5 41. a7 f3 42. gxf3 Bxa7 43. Nxa7 b4 44. h4 Kxh4 45. Kg2 1/2-1/2

[Event "Plzen, JF C"]
[Site "?"]
[Date "1999.??.??"]
[Round "4.10"]
[White "Orsag, M."]
[Black "Hrbolka, L jr"]
[Result "1/2-1/2"]
[WhiteElo "2185"]
[BlackElo "2099"]
[PlyCount "66"]
[EventDate "1999.??.??"]
[Source "ChessBase"]
[SourceDate "1996.11.15"]

1. e4 c5 2. Nc3 d6 3. g3 Nc6 4. Bg2 g6 5. d3 Bg7 6. f4 e6 7. Nf3 Nge7 8. O-O
O-O 9. Be3 Nd4 10. Bf2 Nec6 11. Ng5 Rb8 12. Qd2 Qa5 13. Be3 Bd7 14. Qf2 f6 15.
Nh3 f5 16. Nd1 fxe4 17. dxe4 b5 18. c3 Nb3 19. axb3 Qxa1 20. Qd2 Rf7 21. Ng5
Re7 22. Qxd6 Rd8 23. Qd2 Be8 24. Qc2 h6 25. Nh3 c4 26. b4 Qa6 27. Qe2 Qc8 28.
Ndf2 e5 29. f5 gxf5 30. exf5 Qxf5 31. Bc5 Rf7 32. Be4 Qe6 33. g4 Kh8 1/2-1/2

[Event "Plzen, JF C"]
[Site "?"]
[Date "1999.??.??"]
[Round "4.11"]
[White "Zelezny, J."]
[Black "Brazdil, R."]
[Result "1/2-1/2"]
[WhiteElo "1903"]
[BlackElo "2183"]
[PlyCount "29"]
[EventDate "1999.??.??"]
[Source "ChessBase"]
[SourceDate "1996.11.15"]

1. e4 Nf6 2. Nc3 d5 3. e5 d4 4. exf6 dxc3 5. fxg7 cxd2+ 6. Qxd2 Qxd2+ 7. Bxd2
Bxg7 8. O-O-O O-O 9. h3 Bf5 10. g4 Be4 11. Rh2 Rd8 12. f4 e6 13. Bg2 Bxg2 14.
Rxg2 Nc6 15. Ne2 1/2-1/2

[Event "Plzen, JF C"]
[Site "?"]
[Date "1999.??.??"]
[Round "4.12"]
[White "Satransky, J."]
[Black "Ungr, D."]
[Result "1-0"]
[WhiteElo "2182"]
[BlackElo "2008"]
[PlyCount "87"]
[EventDate "1999.??.??"]
[Source "ChessBase"]
[SourceDate "1996.11.15"]

1. e4 d6 2. d4 Nf6 3. Nc3 g6 4. Be2 Bg7 5. h4 h5 6. Nh3 c6 7. Ng5 Qc7 8. f3 b5
9. a3 Nbd7 10. Be3 e5 11. d5 a6 12. dxc6 Qxc6 13. Qd2 Nc5 14. Rd1 Ke7 15. Kf2
Rd8 16. Rhe1 Bb7 17. Nd5+ Nxd5 18. exd5 Qd7 19. b4 Na4 20. c4 Rac8 21. Rc1 Rc7
22. Ne4 bxc4 23. Bxc4 Rdc8 24. Bc5 Nxc5 25. bxc5 Rxc5 26. Nxc5 Rxc5 27. Bb3 Qb5
28. Qb4 Bh6 29. Rxc5 dxc5 30. d6+ Kxd6 31. Qxb5 axb5 32. Bxf7 e4 33. Bxg6 Bd2
34. Re2 e3+ 35. Rxe3 Bxe3+ 36. Kxe3 Ke5 37. Bxh5 Bd5 38. f4+ Kf6 39. g4 b4 40.
axb4 cxb4 41. g5+ Kf5 42. Be2 b3 43. Bd3+ Kg4 44. g6 1-0

[Event "Plzen, JF C"]
[Site "?"]
[Date "1999.??.??"]
[Round "4.13"]
[White "Neuman, P."]
[Black "Falout, L."]
[Result "1/2-1/2"]
[WhiteElo "2384"]
[BlackElo "2129"]
[PlyCount "108"]
[EventDate "1999.??.??"]
[Source "ChessBase"]
[SourceDate "1996.11.15"]

1. d4 b6 2. c4 Bb7 3. Nc3 Nf6 4. f3 d5 5. cxd5 Nxd5 6. e4 Nxc3 7. bxc3 e6 8.
Bb5+ Nd7 9. Ne2 Bd6 10. O-O a6 11. Bd3 O-O 12. a4 Rc8 13. e5 Be7 14. Qc2 h6 15.
Be4 Bxe4 16. Qxe4 c5 17. Be3 b5 18. axb5 axb5 19. f4 b4 20. cxb4 cxb4 21. f5
exf5 22. Rxf5 Nb6 23. Raf1 Nd5 24. Bd2 Nc3 25. Nxc3 bxc3 26. Be3 Qb6 27. Qg4
Qc6 28. Rf6 Qc4 29. Bxh6 Qxd4+ 30. Qxd4 Bc5 31. Qxc5 Rxc5 32. Be3 Rxe5 33. R6f3
c2 34. Bc1 Rd8 35. R3f2 Rc5 36. Rd2 Re8 37. g3 f6 38. Kg2 Kf7 39. Rg1 Rb8 40.
Rf1 Rb1 41. Re2 Kg6 42. Ree1 Rd5 43. Bf4 Rbd1 44. Bc1 Kh5 45. h3 R5d3 46. Kf2
Rd5 47. Re4 g5 48. Kg2 f5 49. Ree1 Rxe1 50. Rxe1 Rd1 51. Kf2 f4 52. gxf4 gxf4
53. Bxf4 Rxe1 54. Kxe1 Kh4 1/2-1/2

[Event "Plzen, JF C"]
[Site "?"]
[Date "1999.??.??"]
[Round "4.14"]
[White "Miskovsky, P."]
[Black "Kovarik, J."]
[Result "1-0"]
[WhiteElo "2232"]
[BlackElo "1851"]
[PlyCount "55"]
[EventDate "1999.??.??"]
[Source "ChessBase"]
[SourceDate "1996.11.15"]

1. Nf3 Nf6 2. c4 e6 3. d4 d5 4. Nc3 c5 5. cxd5 exd5 6. g3 c4 7. Bg2 Be7 8. O-O
O-O 9. Ne5 Be6 10. b3 Bb4 11. Bb2 cxb3 12. Qxb3 Bxc3 13. Bxc3 b6 14. f3 Nfd7
15. Nd3 Nc6 16. Nf4 Nf6 17. Rfd1 Ne7 18. e4 Qc8 19. Bb4 Re8 20. Rac1 Qb7 21. e5
Nd7 22. a4 Nc6 23. Bd6 Na5 24. Qb4 Rac8 25. Nxe6 fxe6 26. f4 Rc4 27. Rxc4 Nxc4
28. Qxc4 1-0

[Event "Plzen, JF C"]
[Site "?"]
[Date "1999.??.??"]
[Round "4.15"]
[White "Hallerova, E."]
[Black "Eretova, J."]
[Result "1/2-1/2"]
[WhiteElo "2152"]
[BlackElo "2177"]
[PlyCount "64"]
[EventDate "1999.??.??"]
[Source "ChessBase"]
[SourceDate "1996.11.15"]

1. Nf3 d5 2. g3 Bg4 3. Bg2 Nd7 4. d4 Ngf6 5. O-O c6 6. b3 e6 7. c4 Bd6 8. Nc3
O-O 9. Bb2 Qe7 10. Re1 Ba3 11. Qc1 Bxb2 12. Qxb2 Rad8 13. Rad1 Rfe8 14. e4 dxe4
15. Nxe4 Nxe4 16. Rxe4 Nf6 17. Ree1 Qb4 18. h3 Bxf3 19. Bxf3 Rd7 20. a3 Qa5 21.
b4 Qf5 22. Bg2 Red8 23. Kh2 Ne8 24. d5 cxd5 25. cxd5 exd5 26. Re5 Qf6 27. Rdxd5
Rxd5 28. Bxd5 Nd6 29. Qe2 g6 30. Bg2 b6 31. Rd5 Rc8 32. Rd3 Kg7 1/2-1/2

[Event "Plzen, JF C"]
[Site "?"]
[Date "1999.??.??"]
[Round "4.16"]
[White "Muller, O."]
[Black "Korenova, M."]
[Result "0-1"]
[WhiteElo "2143"]
[BlackElo "2285"]
[PlyCount "60"]
[EventDate "1999.??.??"]
[Source "ChessBase"]
[SourceDate "1996.11.15"]

1. d4 Nf6 2. Nf3 g6 3. c4 Bg7 4. Nc3 O-O 5. e4 d6 6. Be2 e5 7. O-O Nc6 8. d5
Ne7 9. b4 Nd7 10. c5 dxc5 11. bxc5 Nxc5 12. Ba3 b6 13. Bxc5 bxc5 14. Nd2 c6 15.
Bc4 cxd5 16. Bxd5 Nxd5 17. Nxd5 Be6 18. Nc4 Rb8 19. Rc1 f5 20. f3 fxe4 21. fxe4
Qh4 22. Qd3 Rbd8 23. Nce3 Bh6 24. g3 Qg5 25. Rxc5 Bh3 26. Ng2 Rxf1+ 27. Qxf1
Qd2 28. Nf6+ Kh8 29. Rc7 Bg7 30. Nd5 Rf8 0-1

[Event "Plzen, JF C"]
[Site "?"]
[Date "1999.??.??"]
[Round "4.17"]
[White "Novak, P."]
[Black "Papay, J."]
[Result "1/2-1/2"]
[WhiteElo "2274"]
[BlackElo "2044"]
[PlyCount "108"]
[EventDate "1999.??.??"]
[Source "ChessBase"]
[SourceDate "1996.11.15"]

1. e4 e6 2. d4 d5 3. Nc3 Bb4 4. Bd3 c5 5. exd5 Qxd5 6. Bd2 Bxc3 7. Bxc3 cxd4 8.
Bxd4 Qxg2 9. Qf3 Qxf3 10. Nxf3 f6 11. Rg1 Kf7 12. O-O-O Nc6 13. Bc5 Nge7 14.
Be4 g6 15. b4 e5 16. h4 Be6 17. h5 Rac8 18. b5 b6 19. Bd6 Na5 20. Bxe5 Rhd8 21.
Bd6 Nf5 22. hxg6+ hxg6 23. Bb4 Rxd1+ 24. Rxd1 Rc4 25. Bxf5 Bxf5 26. c3 Bg4 27.
Rd3 Rf4 28. Rd4 Rxd4 29. Nxd4 Nc4 30. Nc6 Bd7 31. Nxa7 Ke6 32. Nc6 Bxc6 33.
bxc6 Ne5 34. c7 Kd7 35. Kd2 Kxc7 36. Ke3 Kc6 37. Ke4 Nd7 38. Be7 Nc5+ 39. Ke3
Nd7 40. Kd4 b5 41. c4 bxc4 42. Kxc4 Nb6+ 43. Kd4 Nd5 44. Bd8 f5 45. Bg5 Nc7 46.
Ke5 Nb5 47. Kf6 Kd5 48. Kxg6 Nd6 49. a4 Ne4 50. f3 Ng3 51. Bf4 Ne2 52. Be3 f4
53. Bf2 Nc1 54. a5 Nd3 1/2-1/2

[Event "Plzen, JF C"]
[Site "?"]
[Date "1999.??.??"]
[Round "4.19"]
[White "Stehlik, J."]
[Black "Foglar, S."]
[Result "1/2-1/2"]
[WhiteElo "2125"]
[BlackElo "2026"]
[PlyCount "105"]
[EventDate "1999.??.??"]
[Source "ChessBase"]
[SourceDate "1996.11.15"]

1. Nf3 Nf6 2. g3 g6 3. Bg2 Bg7 4. O-O O-O 5. d4 d5 6. c4 c6 7. Nbd2 Na6 8. b3
Bf5 9. Bb2 Ne4 10. Nh4 Nxd2 11. Qxd2 Be6 12. Rac1 f5 13. Nf3 h6 14. h4 Bf7 15.
Rfd1 Nc7 16. Qe3 Kh7 17. Ne5 Bg8 18. Ba3 Rf6 19. Qd2 a5 20. f4 Ne8 21. c5 Re6
22. Bb2 Nf6 23. Bf3 Ne4 24. Bxe4 fxe4 25. Ng4 h5 26. Ne3 Rf6 27. Bc3 Rf8 28.
Rb1 Be6 29. Kg2 Bh6 30. Rf1 Bc8 31. Rf2 Qd7 32. Rh1 Qc7 33. Nd1 Bf5 34. Qe3 Bg7
35. Nb2 Ra6 36. Na4 Rfa8 37. Rff1 e6 38. Rb1 Bf6 39. Rb2 Qg7 40. Kf2 Bd8 41.
Rc2 Bc7 42. Rcc1 Qf8 43. Qd2 Qd8 44. Bb2 Qf6 45. Kg1 Bg4 46. Qe3 Bf5 47. Kf1
Bg4 48. Ke1 Qd8 49. Rc2 Bf5 50. Kd1 Bg4 51. Kc1 Bf5 52. Rd2 Qe7 53. Kd1 1/2-1/2

[Event "Plzen, JF C"]
[Site "?"]
[Date "1999.??.??"]
[Round "4.20"]
[White "Snajdr, I."]
[Black "Chrz, P."]
[Result "0-1"]
[WhiteElo "2022"]
[BlackElo "2121"]
[PlyCount "162"]
[EventDate "1999.??.??"]
[Source "ChessBase"]
[SourceDate "1996.11.15"]

1. d4 d5 2. c4 e6 3. Nc3 c5 4. cxd5 cxd4 5. Qxd4 Nc6 6. Qd1 exd5 7. Qxd5 Be6 8.
Qxd8+ Rxd8 9. e4 Nb4 10. Bb5+ Ke7 11. Kf1 Nc2 12. Rb1 Nd4 13. Be2 Nxe2 14.
Ngxe2 Bc4 15. Be3 Ke6 16. f3 f5 17. Kf2 fxe4 18. Nxe4 Nf6 19. Ng5+ Ke7 20. Nd4
h6 21. Rbc1 Bd5 22. Nh3 g5 23. Rc7+ Rd7 24. Nf5+ Ke6 25. Rxd7 Nxd7 26. Bd4 Rh7
27. g4 Nc5 28. Re1+ Kd7 29. Kg3 Bxa2 30. Ra1 Be6 31. Rxa7 Kc6 32. Nf2 Rd7 33.
Bc3 Rf7 34. Ne4 Bxf5 35. gxf5 Rxf5 36. Ra8 h5 37. Nxc5 Bxc5 38. Rh8 Bd6+ 39.
Kg2 g4 40. fxg4 hxg4 41. Rg8 Rf4 42. h4 gxh3+ 43. Kxh3 Kd5 44. Kg2 Kc4 45. Rd8
Bc5 46. Kg3 Rf5 47. Kg4 Rf1 48. Rc8 Kb5 49. Bh8 b6 50. Be5 Ka4 51. Rh8 b5 52.
Rh3 Kb4 53. Rf3 Rd1 54. Kf4 Bd6 55. Bxd6+ Rxd6 56. Ke3 Kb3 57. Rf2 b4 58. Rh2
Ka2 59. Rh4 b3 60. Rh2 Rd1 61. Rg2 Rb1 62. Kd3 Rxb2 63. Rg1 Rc2 64. Rg8 Rc7 65.
Rg6 b2 66. Ra6+ Kb1 67. Rh6 Rc5 68. Kd2 Rd5+ 69. Kc3 {#} Rd1 $2 {#} (69... Ra5
$19) 70. Rb6 $2 (70. Rh2 $11) 70... Rc1+ 71. Kd2 Rc2+ 72. Kd1 Rc8 73. Kd2 Rd8+
74. Ke2 Rd5 75. Rc6 Ka2 76. Ra6+ Kb3 77. Rb6+ Ka3 78. Rb8 Ka2 79. Ra8+ Kb3 80.
Rb8+ Kc3 81. Rc8+ Kb4 0-1

[Event "Plzen, JF C"]
[Site "?"]
[Date "1999.??.??"]
[Round "4.21"]
[White "Novacek, K."]
[Black "Koutecky, V."]
[Result "1/2-1/2"]
[WhiteElo "2102"]
[BlackElo "1962"]
[PlyCount "40"]
[EventDate "1999.??.??"]
[Source "ChessBase"]
[SourceDate "1996.11.15"]

1. e4 c5 2. f4 d5 3. exd5 Nf6 4. Nc3 Nxd5 5. Nf3 Nxc3 6. bxc3 g6 7. Ne5 Bg7 8.
Bb5+ Nd7 9. Qf3 Qc7 10. O-O O-O 11. Bxd7 Bxd7 12. Rb1 b6 13. d3 Be6 14. c4 h5
15. Bb2 Kh7 16. Qe2 Bf5 17. Qd2 Bf6 18. Rbe1 Qd6 19. h3 Kg7 20. Qe2 Rh8 1/2-1/2

[Event "Plzen, JF C"]
[Site "?"]
[Date "1999.??.??"]
[Round "4.22"]
[White "Nosek, F."]
[Black "Vladyka, V."]
[Result "1-0"]
[WhiteElo "1909"]
[BlackElo "2082"]
[PlyCount "69"]
[EventDate "1999.??.??"]
[Source "ChessBase"]
[SourceDate "1996.11.15"]

1. e4 c5 2. Nf3 d6 3. d4 cxd4 4. Nxd4 Nf6 5. Nc3 a6 6. Bg5 e6 7. Be2 Be7 8. O-O
O-O 9. Qd3 Nc6 10. Nxc6 bxc6 11. Rfd1 e5 12. Qg3 Kh8 13. Kh1 Ne8 14. Bxe7 Qxe7
15. f4 exf4 16. Qxf4 Qe5 17. Qxe5 dxe5 18. Rd8 a5 19. Na4 Bb7 20. Rad1 Nf6 21.
Rxf8+ Rxf8 22. Nc5 Ba8 23. Kg1 g6 24. Kf2 Kg7 25. Ke3 h5 26. Nd7 Re8 27. Nxf6
Kxf6 28. Bc4 Ke7 29. Rd3 Rb8 30. Ra3 Rb4 31. b3 f5 32. exf5 gxf5 33. Rxa5 Rb8
34. Rxe5+ Kf6 35. Kf4 1-0

[Event "Plzen, JF C"]
[Site "?"]
[Date "1999.??.??"]
[Round "4.23"]
[White "Palkova, H."]
[Black "Hercik, J."]
[Result "1-0"]
[WhiteElo "2054"]
[BlackElo "1922"]
[PlyCount "105"]
[EventDate "1999.??.??"]
[Source "ChessBase"]
[SourceDate "1996.11.15"]

1. d4 d5 2. c4 e6 3. Nc3 Bb4 4. cxd5 Bxc3+ 5. bxc3 exd5 6. Nf3 h6 7. e3 Be6 8.
Bd3 Nd7 9. Ba3 Ne7 10. Rb1 b6 11. Qa4 O-O 12. c4 Re8 13. O-O a6 14. cxd5 Bxd5
15. e4 Bb7 16. Qc2 Rc8 17. Qe2 Ng6 18. Bc1 Nf6 19. e5 Nd5 20. Bxg6 fxg6 21. Qe4
Re6 22. Qg4 Qe8 23. Nh4 Rd8 24. Rb3 Bc8 25. Qe4 Nf6 26. Qxg6 Qxg6 27. Nxg6 Nh5
28. Nh4 Rxd4 29. f4 Rc6 30. Be3 Ra4 31. Rd3 Kh7 32. Rd8 Be6 33. Rf8 g6 34. Re8
Ng7 35. Rd8 Rc2 36. h3 Raxa2 37. g4 Re2 38. Bd4 c5 39. Bf2 a5 40. Rd6 Rab2 41.
Nxg6 Kxg6 42. f5+ Kh7 43. f6 Bc4 44. Rd7 Kg8 45. Rxg7+ Kf8 46. Rd1 Rxe5 47.
Rd8+ Re8 48. Rdd7 Be6 49. Rb7 Rb1+ 50. Kh2 Rc8 51. Rh7 Rb2 52. Rh8+ Bg8 53. Rg7
1-0

[Event "Plzen, JF C"]
[Site "?"]
[Date "1999.??.??"]
[Round "4.24"]
[White "Klatil, K."]
[Black "Svarc, R."]
[Result "0-1"]
[WhiteElo "2088"]
[BlackElo "2180"]
[PlyCount "68"]
[EventDate "1999.??.??"]
[Source "ChessBase"]
[SourceDate "1996.11.15"]

1. d4 Nf6 2. c4 g6 3. Nf3 Bg7 4. g3 O-O 5. Bg2 d6 6. Nc3 Nbd7 7. O-O e5 8. e4
exd4 9. Nxd4 Re8 10. Re1 c6 11. b3 Nc5 12. Bb2 Ng4 13. b4 Na6 14. a3 Nc7 15.
Nb3 Ne5 16. Qe2 Nxc4 17. Qxc4 Be6 18. Qd3 Bxb3 19. Nd1 Be6 20. Bxg7 Kxg7 21.
Ne3 Qe7 22. Red1 Red8 23. f4 f6 24. Rd2 d5 25. exd5 Nxd5 26. Qe4 Nxe3 27. Rxd8
Qxd8 28. Qxe3 Qb6 29. Re1 Qxe3+ 30. Rxe3 Kf7 31. Bf3 a5 32. Rc3 axb4 33. axb4
Ra1+ 34. Kf2 Rb1 0-1

[Event "Plzen, JF C"]
[Site "?"]
[Date "1999.??.??"]
[Round "4.25"]
[White "Kalista, K."]
[Black "Jenc, M."]
[Result "1/2-1/2"]
[WhiteElo "1881"]
[BlackElo "1871"]
[PlyCount "146"]
[EventDate "1999.??.??"]
[Source "ChessBase"]
[SourceDate "1996.11.15"]

1. Nf3 Nf6 2. c4 g6 3. Nc3 Bg7 4. g3 O-O 5. Bg2 d6 6. d3 c6 7. O-O Qc7 8. Rb1
Nbd7 9. b4 Rb8 10. b5 Ng4 11. Bb2 a6 12. bxc6 bxc6 13. Ba1 Bb7 14. h3 Nge5 15.
Nd2 Nf6 16. Qa4 c5 17. Bxb7 Rxb7 18. Qxa6 Ra7 19. Qb6 Qd7 20. Kg2 Rfa8 21. Nf3
Nc6 22. Qb3 Ra3 23. Qd1 e6 24. Bb2 R3a7 25. a3 d5 26. Nb5 Rb7 27. Ne5 Nxe5 28.
Bxe5 Ne8 29. Bxg7 Kxg7 30. Qc2 Nd6 31. a4 Rb6 32. Nxd6 Rxd6 33. Rb5 dxc4 34.
Qxc4 Rd4 35. Qc3 Kg8 36. Rxc5 Rdxa4 37. Rc7 Qd8 38. Rb1 R4a7 39. Rc1 Rxc7 40.
Qxc7 Qxc7 41. Rxc7 Kg7 42. h4 h5 43. Kf3 Kf6 44. d4 Ra3+ 45. Kf4 Ra2 46. Kf3
Ra3+ 47. e3 Rb3 48. Kf4 Rb2 49. f3 Rb3 50. Rc6 Ke7 51. Ra6 Rd3 52. Rb6 Ra3 53.
Rb7+ Kf6 54. Rc7 Rb3 55. e4 Rd3 56. Rd7 Rd1 57. d5 exd5 58. exd5 Re1 59. Ra7
Rd1 60. Ra6+ Ke7 61. Ke5 Re1+ 62. Kf4 Rd1 63. Ra5 Kd6 64. Kg5 Rd3 65. Kf4 Rd1
66. g4 hxg4 67. fxg4 Rd4+ 68. Kg5 f6+ 69. Kxg6 Rxg4+ 70. Kh5 Rg1 71. Ra6+ Ke7
72. Re6+ Kf7 73. Re4 Rd1 1/2-1/2

[Event "Plzen, JF C"]
[Site "?"]
[Date "1999.??.??"]
[Round "4.26"]
[White "Vojir, V jr"]
[Black "Cernik, L."]
[Result "0-1"]
[WhiteElo "1768"]
[BlackElo "1903"]
[PlyCount "42"]
[EventDate "1999.??.??"]
[Source "ChessBase"]
[SourceDate "1996.11.15"]

1. d4 d6 2. c4 Nf6 3. Nc3 g6 4. e4 Bg7 5. f3 O-O 6. Be3 Nc6 7. Qd2 e5 8. Nge2
Ne8 9. dxe5 Nxe5 10. Nd4 c6 11. Be2 Nc7 12. O-O d5 13. cxd5 cxd5 14. Rac1 dxe4
15. Nxe4 Nd5 16. Rfd1 Nxe3 17. Qxe3 Qb6 18. Qb3 Nxf3+ 19. Bxf3 Bxd4+ 20. Kf1
Qxb3 21. axb3 Bxb2 0-1

[Event "Plzen, JF C"]
[Site "?"]
[Date "1999.??.??"]
[Round "4.27"]
[White "Vojir, V sr"]
[Black "Korinek, B."]
[Result "1/2-1/2"]
[WhiteElo "1756"]
[BlackElo "1895"]
[PlyCount "87"]
[EventDate "1999.??.??"]
[Source "ChessBase"]
[SourceDate "1996.11.15"]

1. d4 e6 2. e4 d5 3. Nd2 Nf6 4. e5 Nfd7 5. Ngf3 c5 6. c3 Nc6 7. Nb3 cxd4 8.
cxd4 f6 9. exf6 Nxf6 10. Be2 Bd6 11. O-O O-O 12. Re1 Bb4 13. Bd2 Qd6 14. a3
Bxd2 15. Qxd2 Ng4 16. h3 Nf6 17. Bd3 Bd7 18. Re2 Rae8 19. Qc2 e5 20. dxe5 Nxe5
21. Nxe5 Rxe5 22. Rae1 Rfe8 23. Nd4 Rxe2 24. Rxe2 Qf4 25. Rxe8+ Bxe8 26. Nf3
Bd7 27. Qd2 Qxd2 28. Nxd2 Kf8 29. Kf1 Ke7 30. Nb3 Kd6 31. Ke2 b6 32. Ke3 h6 33.
Nd4 a5 34. Bf5 Be8 35. Bd3 g6 36. f4 Bf7 37. g4 Ne8 38. f5 g5 39. Ba6 Nc7 40.
Bf1 Kc5 41. Nb3+ Kd6 42. Nd4 Be8 43. Bg2 Bf7 44. Bf1 1/2-1/2

[Event "Plzen, JF C"]
[Site "?"]
[Date "1999.??.??"]
[Round "5.1"]
[White "Volosin, L."]
[Black "Konopka, M."]
[Result "1/2-1/2"]
[WhiteElo "2423"]
[BlackElo "2484"]
[PlyCount "38"]
[EventDate "1999.??.??"]
[Source "ChessBase"]
[SourceDate "1996.11.15"]

1. Nf3 Nf6 2. c4 g6 3. b4 Bg7 4. Bb2 O-O 5. e3 a5 6. b5 b6 7. a4 Bb7 8. Be2 d6
9. d4 Nbd7 10. O-O Re8 11. Nc3 e5 12. Rc1 Ne4 13. Nxe4 Bxe4 14. Nd2 Bb7 15. Nb3
exd4 16. Bxd4 Nc5 17. Nxc5 dxc5 18. Bxg7 Kxg7 19. Bf3 Qxd1 1/2-1/2

[Event "Plzen, JF C"]
[Site "?"]
[Date "1999.??.??"]
[Round "5.2"]
[White "Polak, T."]
[Black "Jirka, J."]
[Result "1-0"]
[WhiteElo "2488"]
[BlackElo "2171"]
[PlyCount "49"]
[EventDate "1999.??.??"]
[Source "ChessBase"]
[SourceDate "1996.11.15"]

1. c4 c6 2. e4 e5 3. Nf3 Qa5 $6 {beznejsi je 3...d6.} 4. Nc3 Nf6 5. Bd3 Bc5 ({
za uvahu stalo} 5... Bb4) 6. O-O d6 7. h3 {brani vymene jezdce f3 (po
Sc8-g4xf3), ktery je nutny pri prosazeni postupu d2-d4.} Qc7 $6 (7... Be6 $142
8. a3 Qc7 9. Be2 $5 {s dalsim d2-d4.}) 8. Bc2 Be6 9. b3 a5 10. d4 exd4 11. Nxd4
O-O 12. Bg5 $16 Nfd7 {nebo} (12... Nbd7 13. Kh1 {a postup f2-f4-f5 je velmi
neprijemny.}) 13. Kh1 Nb6 14. f4 Bxd4 15. Qxd4 f6 16. Bh4 Na6 17. Bf2 $1 {
urcite lepsi nez} (17. Rad1 $6 Rad8 18. Bg3 Nc8 {a cerny jeste zije.}) 17...
Nc8 ({po} 17... Nb4 {ma bily prijemnou volbu mezi} 18. Bb1 {s dalsim a3 a} (18.
Qxb6 Qxb6 19. Bxb6 Nxc2 20. Rac1 Nb4 21. Rfd1)) 18. Rad1 Qd7 $6 19. Bg3 f5 $6 {
nebo} (19... Rd8 20. f5 Bf7 21. e5 $1 fxe5 22. Bxe5 $40) 20. e5 $18 Rd8 21. Bh4
Re8 (21... dxe5 $2 22. Qxe5 $18) 22. exd6 c5 23. Qf2 Na7 24. Na4 Qc6 25. Qf3 $1
1-0

[Event "Plzen, JF C"]
[Site "?"]
[Date "1999.??.??"]
[Round "5.4"]
[White "Spal, M."]
[Black "Gross, S."]
[Result "1-0"]
[WhiteElo "2175"]
[BlackElo "2371"]
[PlyCount "81"]
[EventDate "1999.??.??"]
[Source "ChessBase"]
[SourceDate "1996.11.15"]

1. e4 c5 2. Nc3 Nc6 3. f4 g6 4. Nf3 Bg7 5. Bb5 Nd4 6. Bc4 d6 7. O-O e6 8. d3
Ne7 9. Nxd4 cxd4 10. Ne2 O-O 11. Bb3 d5 12. e5 Nf5 13. Ng3 f6 14. Nxf5 gxf5 15.
Qe2 Qc7 16. Re1 fxe5 17. fxe5 Bd7 18. Bf4 Kh8 19. Rf1 Be8 20. Rac1 Rg8 21. Kh1
Bf8 22. c3 dxc3 23. Rxc3 Qg7 24. Rfc1 Bc6 25. d4 Be7 26. Bd1 Bg5 27. Rg3 Qe7
28. Bxg5 Rxg5 29. Rxg5 Qxg5 30. Rc3 Rg8 31. Qf2 Qe7 32. h3 Rg6 33. Kh2 Kg8 34.
a3 Kf8 35. g4 Kg7 36. Bc2 Rg5 37. gxf5 exf5 38. Bxf5 Qf7 39. Rg3 Rxg3 40. Qxg3+
Kf8 41. Qg5 1-0